000 00431nmm a2200169Ia 4500
008 251105s9999||||xx |||||||||||||||||und||
020 _a9788498165586
041 _aspa
100 _aValdivia, Pedro de
245 0 _aCartas
264 _a[Madrid, España] :
_bLinkgua,
_c2016
300 _a140 páginas
490 _aHistoria
650 _aBiography
856 _uhttps://public.digitaliapublishing.com/a/48783
942 _cCF
999 _c91278
_d91278